|
|
|
|
| LEADER |
01448nam a2200373Ia 4500 |
| 001 |
EBC459851 |
| 003 |
MiAaPQ |
| 005 |
20200520144314.0 |
| 006 |
m o d | |
| 007 |
cr cn||||||||| |
| 008 |
050624s2005 dcu sb i000 0 eng d |
| 010 |
|
|
|z 2005051256
|
| 020 |
|
|
|z 0821363581
|
| 035 |
|
|
|a (MiAaPQ)EBC459851
|
| 035 |
|
|
|a (Au-PeEL)EBL459851
|
| 035 |
|
|
|a (CaPaEBR)ebr10091274
|
| 035 |
|
|
|a (CaONFJC)MIL23825
|
| 035 |
|
|
|a (OCoLC)62162766
|
| 040 |
|
|
|a MiAaPQ
|c MiAaPQ
|d MiAaPQ
|
| 050 |
|
4 |
|a HE8635
|b .F56 2005
|
| 082 |
0 |
4 |
|a 384/.09172/4
|2 22
|
| 245 |
0 |
0 |
|a Financing information and communication infrastructure needs in the developing world
|h [electronic resource] :
|b public and private roles.
|
| 260 |
|
|
|a Washington, DC :
|b World Bank,
|c 2005.
|
| 300 |
|
|
|a xv, 37 p.
|
| 490 |
1 |
|
|a World Bank working paper ;
|v no. 65
|
| 504 |
|
|
|a Includes bibliographical references.
|
| 533 |
|
|
|a Electronic reproduction. Ann Arbor, MI : ProQuest, 2015. Available via World Wide Web. Access may be limited to ProQuest affiliated libraries.
|
| 650 |
|
0 |
|a Telecommunication policy
|z Developing countries.
|
| 650 |
|
0 |
|a Telecommunication
|x Deregulation
|z Developing countries.
|
| 650 |
|
0 |
|a Privatization
|z Developing countries.
|
| 655 |
|
4 |
|a Electronic books.
|
| 710 |
2 |
|
|a ProQuest (Firm)
|
| 830 |
|
0 |
|a World Bank working paper ;
|v no. 65.
|
| 856 |
4 |
0 |
|u https://ebookcentral.proquest.com/lib/matrademy/detail.action?docID=459851
|z Click to View
|